[Event "Junior Speed Final"]
[Site "Chess.com INT"]
[Date "2021.07.10"]
[Round "1.11"]
[White "Nihal, Sarin"]
[Black "Checa, Nicolas D"]
[Result "1-0"]
[WhiteElo "2620"]
[BlackElo "2552"]
[PlyCount "115"]
[EventDate "2021.07.01"]
[EventType "k.o. (blitz)"]
[EventRounds "4"]
[EventCountry "USA"]
[SourceTitle "CBM 203 Extra"]
[Source "ChessBase"]
[SourceDate "2021.09.30"]
[SourceVersion "1"]
[SourceVersionDate "2021.09.30"]
[SourceQuality "1"]

1. Nf3 d5 2. b3 Bf5 3. Bb2 e6 4. g3 Nf6 5. Bg2 Be7 6. O-O O-O 7. d3 c5 8. Nbd2 Nc6 9. a3 h6 10. e3 Bh7 11. Qe2 Qc7 12. Nh4 $146 ({RR} 12. Rfd1 Rad8 13. Rac1 e5 14. c4 d4 15. exd4 exd4 16. Ne4 Rfe8 17. Nfd2 Nxe4 18. Bxe4 Bxe4 19. Qxe4 Bg5 20. Qf5 g6 21. Qh3 Ne5 22. f4 Nxd3 23. fxg5 Nxb2 24. Rf1 hxg5 25. Nf3 f6 26. Rc2 Nd3 {Pacl,V (2036)-Tichy,S (2207) Pardubice 2022 0-1 (48)}) 12... Nd7 13. f4 Bf6 14. Bxf6 Nxf6 15. g4 Qe7 16. g5 hxg5 17. fxg5 Nd7 18. Qh5 Nde5 19. Rf4 Bg6 20. Nxg6 fxg6 21. Qh3 Rf5 22. Rxf5 gxf5 23. Qg3 Rf8 24. Rf1 g6 25. h4 Kg7 26. Nf3 Nxf3+ 27. Bxf3 Rd8 28. Kg2 Qd6 29. Qxd6 Rxd6 30. Kg3 Ne5 31. Be2 d4 32. exd4 cxd4 33. Re1 Nd7 34. Bf3 b6 35. h5 gxh5 36. Bxh5 e5 37. Be8 Rd5 38. Bxd7 Rxd7 39. Rxe5 Rc7 40. Kf4 Rxc2 41. Kxf5 Rc3 42. Ke4 Rxb3 43. Re7+ Kg6 44. Rxa7 Kxg5 45. Kxd4 Kf6 46. Kc4 Rb1 47. Kd5 b5 48. d4 b4 49. axb4 Rxb4 50. Kc5 Rb8 51. d5 Rc8+ 52. Kd6 Rc1 53. Kd7 Rc2 54. d6 Rh2 55. Ra1 Rf2 56. Re1 Kf7 57. Kc7 Rc2+ 58. Kd8 1-0

[Event "Junior Speed Final"]
[Site "Chess.com INT"]
[Date "2021.07.05"]
[Round "1.16"]
[White "Praggnanandhaa, Rameshbabu"]
[Black "Maghsoodloo, Parham"]
[Result "1-0"]
[WhiteElo "2608"]
[BlackElo "2698"]
[PlyCount "79"]
[EventDate "2021.07.01"]
[EventType "k.o. (blitz)"]
[EventRounds "4"]
[EventCountry "USA"]
[SourceTitle "CBM 203 Extra"]
[Source "ChessBase"]
[SourceDate "2021.09.30"]
[SourceVersion "1"]
[SourceVersionDate "2021.09.30"]
[SourceQuality "1"]

1. Nf3 Nf6 2. g3 c5 3. Bg2 Nc6 4. O-O e5 5. d3 d5 6. Nbd2 Bg4 7. e4 d4 8. h3 Bh5 9. g4 Bg6 10. Nh4 Be7 11. Nf5 O-O 12. a4 Nd7 13. Nc4 Bg5 $146 ({RR} 13... Rb8 14. f4 f6 15. Qf3 b6 16. Qg3 a6 17. g5 b5 18. axb5 axb5 19. Nxe7+ Qxe7 20. Na5 Nxa5 21. Rxa5 Rb7 22. gxf6 Nxf6 23. fxe5 Nh5 24. Rxf8+ Kxf8 25. Qf3+ Qf7 26. Ra8+ Ke7 27. Bg5+ Ke6 28. Qg4+ {Stratil,L (2390)-Pytel,B (2070) St Ingbert 1989 1-0 (33)}) 14. Qf3 Bxc1 15. Raxc1 Nb6 16. b3 Nxc4 17. bxc4 f6 18. h4 Be8 19. Qg3 Kh8 20. Bh3 Qc7 21. Kh1 Nd8 22. f4 exf4 23. Rxf4 Ne6 24. Rf2 Bxa4 25. g5 fxg5 26. e5 Bc6+ 27. Kg1 Nf4 28. hxg5 Nxh3+ 29. Qxh3 Bd7 30. Re1 Qb6 31. e6 Bxe6 32. g6 h6 33. Qh5 Bxf5 34. Rxf5 Qd6 35. Rf7 Qg3+ 36. Kf1 a5 37. Ree7 a4 38. Qf5 Rg8 39. Rxg7 Rxg7 40. Rxg7 1-0

[Event "Junior Speed Final"]
[Site "Chess.com INT"]
[Date "2021.07.05"]
[Round "1.27"]
[White "Praggnanandhaa, Rameshbabu"]
[Black "Maghsoodloo, Parham"]
[Result "1-0"]
[WhiteElo "2608"]
[BlackElo "2698"]
[PlyCount "67"]
[EventDate "2021.07.01"]
[EventType "k.o. (blitz)"]
[EventRounds "4"]
[EventCountry "USA"]
[SourceTitle "CBM 203 Extra"]
[Source "ChessBase"]
[SourceDate "2021.09.30"]
[SourceVersion "1"]
[SourceVersionDate "2021.09.30"]
[SourceQuality "1"]

1. Nf3 Nf6 2. b3 g6 3. Bb2 Bg7 4. g3 d5 5. c4 dxc4 6. bxc4 c5 7. Bg2 Nc6 8. O-O O-O 9. d3 Qc7 10. Nc3 ({RR} 10. Nbd2 b6 11. Qc2 Bb7 12. Bc3 Rad8 13. Qb2 Ne8 14. Ne4 Bxc3 15. Nxc3 Nf6 16. Rfd1 Rfe8 17. Rab1 Qb8 18. Qd2 Kg7 19. Qb2 Kg8 20. Rd2 Nd4 21. Ne1 h5 22. h3 e5 23. e4 h4 24. Kh2 Nh5 {Artemiev,V (2731)-Giri,A (2776) Bucharest 2019 1-0 (43)}) 10... Rd8 ({RR} 10... a6 11. Na4 b6 12. Rb1 Rb8 13. Nc3 Be6 14. Ng5 Bd7 15. Nge4 e6 16. Nxf6+ Bxf6 17. Nd5 exd5 18. Bxf6 Qd6 19. Bg5 d4 20. e3 f6 21. Bf4 Ne5 22. Bd5+ Be6 23. Bxe6+ Qxe6 24. exd4 cxd4 25. Re1 {Reuter,J (2091)-Van Geffen,J Helmond NED 2024 ½-½ (87)}) 11. Nd2 $146 ({RR} 11. Rb1 a6 12. h3 Rb8 13. Ba1 b6 14. a3 e6 15. e3 Bb7 16. Qe2 Nd7 17. Rfd1 Nce5 18. Ne1 Bxg2 19. Kxg2 Nf6 20. f4 Nc6 21. Nf3 Nd7 22. Qe1 h6 23. g4 Qd6 24. Qg3 Qe7 25. Kh2 Kh7 {Eliskases,E-Castillo Bermudez,M Mar del Plata 1948 ½-½ (40)}) 11... Bg4 12. Rb1 Qc8 13. Ba3 b6 14. Qa4 Nd4 15. Bxa8 Qxa8 16. f3 Bh6 17. Nde4 Bh3 18. Rfe1 Be3+ 19. Kh1 Nxe4 20. dxe4 Bd2 21. Nd5 Bxe1 22. Rxe1 Qb7 23. Bb2 Bd7 24. Qd1 Bc6 25. Bxd4 cxd4 26. Qxd4 Rd6 27. Rd1 Rd7 28. Qe5 Bxd5 29. Rxd5 e6 30. Rd3 h5 31. Qc3 Qc6 32. Qd2 Re7 33. Rd6 Qc8 34. Rd8+ 1-0

[Event "Junior Speed Final"]
[Site "Chess.com INT"]
[Date "2021.07.05"]
[Round "1.32"]
[White "Nihal, Sarin"]
[Black "Checa, Nicolas D"]
[Result "1-0"]
[WhiteElo "2620"]
[BlackElo "2552"]
[PlyCount "113"]
[EventDate "2021.07.01"]
[EventType "k.o. (blitz)"]
[EventRounds "4"]
[EventCountry "USA"]
[SourceTitle "CBM 203 Extra"]
[Source "ChessBase"]
[SourceDate "2021.09.30"]
[SourceVersion "1"]
[SourceVersionDate "2021.09.30"]
[SourceQuality "1"]

1. b3 d5 2. Bb2 Bg4 3. Nf3 Nd7 4. g3 e6 5. Bg2 Ngf6 6. h3 ({RR} 6. d3 Bd6 7. Nbd2 Qe7 8. a3 e5 9. e4 Nc5 10. exd5 Nxd5 11. h3 Bh5 12. O-O O-O 13. Qe1 Rae8 14. Ne4 Nxe4 15. dxe4 Nb6 16. Nh4 Bg6 17. Qa5 a6 18. Nf5 Bxf5 19. exf5 Qg5 20. Be4 Nd7 {Terry,R (3009)-Shirov,A (2820) Chess.com 2024 1-0 (49)}) ({RR} 6. O-O Bc5 7. h3 Bh5 8. d3 O-O 9. Nbd2 Re8 10. c4 c6 11. a3 a5 12. Bc3 e5 13. b4 d4 14. bxc5 dxc3 15. Nb1 e4 16. dxe4 Nxe4 17. Qc1 Qf6 18. g4 Ndxc5 19. gxh5 Nb3 20. Qc2 Nxa1 {Yue,T (2047)-Nuri,M (2291) chess.com INT 2025 0-1 (31)}) 6... Bh5 7. d3 Be7 8. Nbd2 O-O $146 ({RR} 8... c6 9. g4 Bg6 10. Nh4 Qc7 11. e3 e5 12. Qe2 O-O-O 13. O-O-O Rhe8 14. Nxg6 hxg6 15. g5 Ng8 16. Qg4 Kb8 17. f4 Bd6 18. f5 gxf5 19. Qxf5 f6 20. h4 Qa5 21. Kb1 Ne7 22. Qf2 Rf8 23. Qe2 {Kind,M (1976)-Van Ree,T (1822) Arco ITA 2024 0-1 (42)}) 9. g4 Bg6 10. Nh4 c6 11. Nxg6 hxg6 12. e3 a5 13. a3 Qc7 14. h4 Bd6 15. g5 Nh7 16. Qg4 Be5 17. d4 Bd6 18. h5 f5 19. gxf6 Rxf6 20. hxg6 Nhf8 21. O-O-O Rxg6 22. Qh3 Rh6 23. Qf3 Rf6 24. Qe2 a4 25. b4 b5 26. Rdg1 Re8 27. f4 Nb6 28. Bh3 Nc4 29. Nxc4 bxc4 30. Qh5 Qf7 31. Qh4 Ng6 32. Qg5 Ne7 33. Bg4 Rd8 34. Bh5 Qf8 35. Bc3 Nf5 36. Bg6 Be7 37. Rh3 Nh6 38. Rgh1 Rf5 39. Qg2 Rf6 40. Be1 Bd6 41. Bh4 Be7 42. Bxf6 Bxf6 43. Rh5 c5 44. bxc5 Rb8 45. Be4 Kf7 46. Bxd5 exd5 47. Qxd5+ Ke7 48. Qxc4 Qc8 49. Rxh6 gxh6 50. Rxh6 Bg7 51. Rg6 Kf8 52. Qd5 Qe8 53. Re6 Qd8 54. Rd6 Qe8 55. Kd2 Rc8 56. c6 Qh5 57. Qxh5 1-0

[Event "Junior Speed Final"]
[Site "Chess.com INT"]
[Date "2021.07.05"]
[Round "1.34"]
[White "Nihal, Sarin"]
[Black "Checa, Nicolas D"]
[Result "1-0"]
[WhiteElo "2620"]
[BlackElo "2552"]
[PlyCount "37"]
[EventDate "2021.07.01"]
[EventType "k.o. (blitz)"]
[EventRounds "4"]
[EventCountry "USA"]
[SourceTitle "CBM 203 Extra"]
[Source "ChessBase"]
[SourceDate "2021.09.30"]
[SourceVersion "1"]
[SourceVersionDate "2021.09.30"]
[SourceQuality "1"]

1. b3 d5 2. Bb2 Bg4 3. Nf3 Nf6 4. g3 e6 ({RR} 4... Nbd7 5. Bg2 e6 6. O-O Bd6 7. d3 O-O 8. Nbd2 Qe7 9. a3 c6 10. h3 Bh5 11. e4 dxe4 12. dxe4 Be5 13. c3 Rad8 14. Qc2 Bc7 15. a4 Rfe8 16. Rfe1 e5 17. a5 h6 18. Nh4 Qe6 19. b4 {Nakamura,H (2787)-Kramnik,V (2800) Moscow 2018 1-0 (70)}) 5. Bg2 Be7 6. h3 $146 ({RR} 6. O-O O-O 7. c4 c6 8. d4 a5 9. Nc3 h6 10. Ne5 Bf5 11. Re1 Na6 12. e4 {½-½ (12) Dudek,V (2176)-Toman,J (2167) Czech Republic CZE 2024}) 6... Bf5 7. d3 c5 8. g4 Bg6 9. Nh4 Nc6 10. Nd2 O-O 11. e3 d4 12. Nxg6 hxg6 13. e4 Nd7 14. h4 e5 15. g5 f6 16. Qg4 Qc8 17. Qe6+ Rf7 18. Bh3 Bf8 19. h5 1-0

[Event "Junior Speed Final"]
[Site "Chess.com INT"]
[Date "2021.10.04"]
[Round "3.54"]
[White "Nihal, Sarin"]
[Black "Martirosyan, Haik M"]
[Result "1-0"]
[WhiteElo "2620"]
[BlackElo "2632"]
[PlyCount "37"]
[EventDate "2021.07.01"]
[EventType "k.o. (blitz)"]
[EventRounds "4"]
[EventCountry "USA"]
[SourceTitle "EXT 2022"]
[Source "ChessBase"]
[SourceDate "2021.10.06"]
[SourceVersion "1"]
[SourceVersionDate "2021.10.06"]
[SourceQuality "1"]

1. Nf3 c5 2. b3 Nc6 3. Bb2 d6 4. e3 e5 5. d4 cxd4 6. exd4 e4 7. Nfd2 d5 8. c4 f5 ({RR} 8... Nf6 9. cxd5 Qxd5 10. Nc3 Qxd4 11. Be2 Bb4 12. Rc1 e3 13. fxe3 Qxe3 14. Nc4 Qe7 15. O-O O-O 16. Bd3 Ng4 17. Qf3 Bc5+ 18. Kh1 Qh4 19. h3 Nf2+ 20. Rxf2 Bxf2 21. Rf1 Bd4 22. Nd5 Bxb2 23. Nxb2 {Dubov,D (2703)-Ponkratov,P (2628) Sochi 2018 0-1 (60)}) ({RR} 8... Nf6 9. cxd5 Qxd5 10. Nc4 Bb4+ 11. Nc3 Bg4 12. Ne3 Bxd1 {0-1 (12) Tomljanovic,I (2129)-Dobrovoljc,V (2365) Nova Gorica SLO 2025}) ({RR} 8... Nf6 9. Nc3 Bb4 10. a3 Bxc3 11. Bxc3 O-O 12. Be2 Re8 13. O-O Bf5 14. Bb2 Bg6 15. Re1 Rc8 16. Nf1 Qd7 17. Ne3 Ne7 18. Qd2 Nh5 19. g3 Nf6 20. a4 h5 21. Bf1 h4 22. Ba3 Nc6 23. Bb2 {Nihal,S (2694)-Iturrizaga Bonelli,E (2615) chess.com INT 2023 0-1 (52)}) 9. Nc3 Nf6 10. cxd5 Nb4 11. Bc4 $146 ({RR} 11. Bb5+ Bd7 12. Bc4 Qa5 13. O-O Bd6 14. a3 Nbxd5 15. Nxd5 Nxd5 16. Nxe4 fxe4 17. Qh5+ g6 18. Qxd5 Qxd5 19. Bxd5 Bc6 20. Bxc6+ bxc6 21. d5 O-O 22. dxc6 Rab8 23. b4 a5 24. Rfd1 Bf4 25. g3 Bg5 {Korovin,M (2339)-Mikhalsky,V (2269) Chess.com INT 2022 1-0 (34)}) 11... Nbxd5 12. Nxd5 Nxd5 13. Nxe4 Bb4+ 14. Kf1 Be6 15. Nc5 Bxc5 16. dxc5 O-O 17. Qd4 Rf7 18. Re1 Rd7 19. Rxe6 1-0

[Event "Belgrade Serbia op"]
[Site "Belgrade"]
[Date "2021.07.03"]
[Round "3"]
[White "Fedoseev, Vladimir1"]
[Black "Caspi, Israel"]
[Result "1-0"]
[WhiteElo "2696"]
[BlackElo "2510"]
[PlyCount "93"]
[EventDate "2021.07.02"]
[EventType "swiss"]
[EventRounds "9"]
[EventCountry "SRB"]
[SourceTitle "CBM 203 Extra"]
[Source "ChessBase"]
[SourceDate "2021.09.30"]
[SourceVersion "1"]
[SourceVersionDate "2021.09.30"]
[SourceQuality "1"]

1. Nf3 d5 2. g3 g6 3. c4 dxc4 4. Qa4+ Nc6 5. Qxc4 Bg7 6. Bg2 Nh6 7. Nc3 Nf5 8. O-O O-O 9. d3 e5 10. Bg5 Nce7 $146 ({RR} 10... Qe8 11. Rfc1 h6 12. Bd2 Be6 13. Qa4 Nd6 14. Be3 Nd4 15. Qd1 Rd8 16. Nd2 c6 17. Bxd4 exd4 18. Nce4 Bd5 19. Nxd6 Rxd6 20. b4 Bxg2 21. Kxg2 Re6 22. Kf1 Qe7 23. Nb3 Re8 24. Rc2 Re5 25. Rb1 {Arsovic,Z (2401)-Nakar,E (2473) Albena 2015 ½-½ (52)}) 11. Nh4 Nxh4 12. Qxh4 f6 13. Qc4+ Kh8 14. Be3 Nf5 15. Bc5 Re8 16. e3 c6 17. Rfd1 Be6 18. Qa4 Qd7 19. d4 exd4 20. e4 Nh6 21. Bxd4 Qe7 22. h3 Nf7 23. Kh2 Ne5 24. f4 Nc4 25. Qc2 Red8 26. b3 Nd6 27. Qe2 b6 28. e5 Nf5 29. exf6 Bxf6 30. Bxf6+ Qxf6 31. Ne4 Qg7 32. Ng5 Bg8 33. Rac1 Re8 34. Qd2 Ne3 35. Bxc6 Rad8 36. Qe2 Nxd1 37. Bxe8 Nc3 38. Qb2 Rd3 39. Bc6 h6 40. Nf3 Re3 41. Rc2 g5 42. fxg5 hxg5 43. Qc1 Qh7 44. Nxg5 Qd3 45. Bf3 Rxf3 46. Nxf3 Qxf3 47. Qb2 1-0

[Event "Titled Tuesday intern op 06th July"]
[Site "Chess.com INT"]
[Date "2021.07.06"]
[Round "7"]
[White "Nakamura, Hikaru"]
[Black "Deepan Chakkravarthy, J."]
[Result "1-0"]
[WhiteElo "2736"]
[BlackElo "2535"]
[PlyCount "73"]
[EventDate "2021.07.06"]
[EventType "swiss (blitz)"]
[EventRounds "11"]
[EventCountry "USA"]
[SourceTitle "EXT 2022"]
[Source "ChessBase"]
[SourceDate "2021.10.06"]
[SourceVersion "1"]
[SourceVersionDate "2021.10.06"]
[SourceQuality "1"]

1. Nf3 d5 2. b3 Nf6 3. Bb2 Bf5 4. g3 e6 5. Nh4 Bg6 6. Nxg6 hxg6 7. Bg2 Nbd7 8. e3 Bd6 9. d3 $146 ({RR} 9. c4 c6 10. d4 Bb4+ 11. Bc3 Bxc3+ 12. Nxc3 Qa5 13. Qd2 a6 14. Rd1 Rd8 15. O-O dxc4 16. bxc4 Qh5 17. h3 g5 18. e4 g4 19. h4 Ne5 20. Qf4 Nxc4 21. Qc7 Rd7 22. Qb8+ Ke7 23. Qf4 Rhd8 {Nihal,S (2670)-Sanal,V (2590) chess.com INT 2023 0-1 (46)}) ({RR} 9. Qe2 c6 10. a3 a5 11. d3 Qe7 12. Nd2 e5 13. c4 O-O 14. O-O Rfe8 15. Rfd1 Rac8 16. h4 Nc5 17. cxd5 cxd5 18. d4 exd4 19. Bxd4 Be5 20. Nf3 Bxd4 21. Nxd4 Nce4 22. Nb5 Rc5 23. a4 Rec8 {Morris,J (2433)-Chan Yi Ren,D (2317) Melbourne AUS 2025 ½-½ (44)}) 9... Qe7 10. a3 a5 11. Nd2 a4 12. b4 c5 13. bxc5 Nxc5 14. O-O O-O 15. d4 Nce4 16. Nxe4 dxe4 17. c4 b6 18. Qc2 Rfc8 19. Rfc1 Qb7 20. Qe2 Rc7 21. Rab1 Rac8 22. Rc2 Qa6 23. Rbc1 Be7 24. h4 Qa5 25. g4 Ne8 26. Bxe4 Bxh4 27. f4 Nd6 28. Bd3 g5 29. Qf3 g6 30. Qh3 Nxc4 31. Bxc4 b5 32. Bc3 Qa8 33. Bd3 b4 34. axb4 a3 35. fxg5 Bxg5 36. Rh2 Bf6 37. g5 1-0

[Event "FIDE World Cup"]
[Site "Krasnaya Polyana"]
[Date "2021.07.13"]
[Round "1.2"]
[White "Gonzalez Zamora, Juan Carlos"]
[Black "Mekhitarian, Krikor Sevag"]
[Result "1-0"]
[WhiteElo "2545"]
[BlackElo "2554"]
[PlyCount "113"]
[EventDate "2021.07.12"]
[EventType "k.o."]
[EventRounds "8"]
[EventCountry "RUS"]
[SourceTitle "CBM 203"]
[Source "ChessBase"]
[SourceDate "2021.08.31"]
[SourceVersion "1"]
[SourceVersionDate "2021.08.31"]
[SourceQuality "1"]

1. Nf3 d5 2. g3 g6 3. c4 dxc4 4. Qa4+ Nc6 5. Bg2 Bg7 6. Qxc4 e5 7. d3 ({RR} 7. Ng5 Nh6 8. O-O O-O 9. d3 Nf5 10. Nc3 h6 11. Nge4 Ncd4 12. e3 Be6 13. Qa4 Bd7 14. Qd1 Ne6 15. b4 Nd6 16. Nxd6 cxd6 17. Ba3 Bc6 18. b5 Bxg2 19. Kxg2 Qd7 20. Ne4 Qxb5 21. Nxd6 Qa6 {Iermito,S (2500)-Jerez Perez,A (2318) Barcelona ESP 2025 ½-½}) 7... Nge7 8. h4 $146 ({RR} 8. Nc3 h6 9. Bd2 Be6 10. Qa4 O-O 11. Rc1 Nd4 12. O-O c6 13. Qa3 Nef5 14. Ne1 a6 15. e3 Nb5 16. Qa4 Re8 17. Qc2 Qe7 18. Na4 Bd5 19. Bxd5 cxd5 20. Qb3 Qd8 21. Nc2 e4 22. Nc5 b6 {Venkatesh,M (2524)-Gasanov,E (2469) New Delhi 2014 0-1 (38)}) ({RR} 8. O-O Be6 9. Qa4 O-O 10. Nc3 h6 11. Bd2 Qd7 12. Rfc1 Rad8 13. Ne4 Qc8 14. b4 a6 15. b5 axb5 16. Qxb5 Bd5 17. Nc5 Bxf3 18. Bxf3 e4 19. Bxe4 Nd4 20. Qxb7 Nxe2+ 21. Kg2 Qxb7 22. Nxb7 Ra8 {Navara,D (2697)-Karjakin,S (2743) Baku 2021 0-1 (48)}) 8... Be6 9. Qa4 h6 10. Nc3 f5 11. Be3 Qd7 12. Rc1 O-O 13. Bc5 Rfe8 14. O-O Rad8 15. Rfd1 a6 16. Nd2 Nd5 17. Nxd5 Bxd5 18. Bxd5+ Qxd5 19. Qb3 Qxb3 20. Nxb3 Rd7 21. Kf1 Nd8 22. Bb4 Ne6 23. Bc3 b6 24. Nd2 Red8 25. Ke1 Nc5 26. Nc4 Re8 27. b3 g5 28. hxg5 hxg5 29. Ne3 Rf7 30. g4 fxg4 31. Nxg4 Nb7 32. f3 c5 33. Kd2 Nd6 34. Rh1 Rf4 35. Rcg1 Nf7 36. Kc2 b5 37. Bd2 c4 38. dxc4 bxc4 39. Bxf4 exf4 40. bxc4 Rxe2+ 41. Kd3 Rxa2 42. c5 Ra4 43. Rb1 Rd4+ 44. Ke2 Rd8 45. Rhc1 Rc8 46. c6 Nd6 47. Rb6 Nb5 48. Rxa6 Nd4+ 49. Kf2 Nb3 50. Rc4 Nc5 51. Rb6 Kf8 52. Kg2 Ne6 53. Rb7 Nc7 54. Re4 Ne8 55. Re6 Nc7 56. Rg6 Ne8 57. Kh3 1-0

[Event "FIDE World Cup"]
[Site "Krasnaya Polyana"]
[Date "2021.07.24"]
[Round "4.3"]
[White "Artemiev, Vladislav"]
[Black "Karjakin, Sergey"]
[Result "1-0"]
[WhiteElo "2704"]
[BlackElo "2757"]
[PlyCount "51"]
[EventDate "2021.07.12"]
[EventType "k.o."]
[EventRounds "8"]
[EventCountry "RUS"]
[SourceTitle "CBM 203"]
[Source "ChessBase"]
[SourceDate "2021.08.31"]
[SourceVersion "1"]
[SourceVersionDate "2021.08.31"]
[SourceQuality "1"]

1. Nf3 d5 2. g3 g6 3. Bg2 Bg7 4. O-O e5 5. d3 Nc6 6. Nc3 Nge7 7. e4 d4 ({RR} 7... dxe4 8. dxe4 O-O 9. Be3 Bg4 10. h3 Qxd1 11. Raxd1 Bxf3 12. Bxf3 Nd4 13. Bg2 Rfd8 14. Rd2 Rd6 15. Nb1 Nc8 16. c3 Ne6 17. Rfd1 Bf8 18. Kf1 Nb6 19. Rxd6 Bxd6 20. h4 Kf8 21. Bh3 Ke7 22. b3 {Artemiev,V (2699)-Nakamura,H (2736) chess24.com INT 2021 0-1 (38)}) 8. Ne2 ({RR} 8. Nd5 O-O 9. Bg5 f6 10. Nxe7+ Nxe7 11. Bd2 Be6 12. h3 Qd7 13. Kh2 c5 14. Qe2 Rac8 15. c3 c4 16. cxd4 cxd3 17. Qe3 exd4 18. Nxd4 Bc4 19. Rfc1 f5 20. Bc3 Rce8 21. Nf3 Nd5 22. Qc5 fxe4 {Stanojevic,I (2224)-Gruzman,I (2183) chess.com INT 2025 0-1 (60)}) 8... O-O 9. c3 a5 10. Qc2 $146 ({RR} 10. h3 b6 11. cxd4 exd4 12. g4 Ba6 13. a3 Qd7 14. Ng3 a4 15. Bg5 Na5 16. Rc1 Nb3 17. Rc2 c5 18. e5 h6 19. Bf6 Nd5 20. Bxg7 Kxg7 21. Re1 Nf4 22. Bf1 Bb7 23. Ne4 Bxe4 24. Rxe4 g5 {Quparadze,G (2470)-Nepomniachtchi,I (2793) Almaty KAZ 2022 1-0 (52)}) ({RR} 10. cxd4 Nxd4 11. Nexd4 exd4 12. Bf4 c5 13. a4 b6 14. Nd2 Be6 15. b3 Nc6 16. Nc4 Nb4 17. h4 h5 18. Kh2 Ra7 19. Bh3 Bxh3 20. Kxh3 f5 21. e5 Re8 22. Re1 Re6 23. Qe2 Qd5 24. Rad1 Qc6 {Rapport,R (2752)-Gukesh,D (2744) Zagreb CRO 2023 0-1 (102)}) 10... a4 11. cxd4 exd4 12. Bd2 h6 13. b4 axb3 14. axb3 Rxa1 15. Rxa1 Qd6 16. Bf4 Qd8 17. Ra8 g5 18. Bc1 Nb4 19. Qc4 c5 20. Ba3 g4 21. Nfxd4 Nxd3 22. Qxd3 cxd4 23. e5 Bxe5 24. Qe4 Qc7 25. Bxe7 Qxe7 26. Rxc8 1-0

[Event "Dortmund GER Grand Prix"]
[Site "Dortmund"]
[Date "2021.07.18"]
[Round "9"]
[White "Eljanov, Pavel"]
[Black "Kasimdzhanov, Rustam"]
[Result "1-0"]
[WhiteElo "2671"]
[BlackElo "2662"]
[PlyCount "128"]
[EventDate "2021.07.13"]
[EventType "tourn"]
[EventRounds "9"]
[EventCountry "GER"]
[EventCategory "16"]
[SourceTitle "CBM 203"]
[Source "ChessBase"]
[SourceDate "2021.08.31"]
[SourceVersion "1"]
[SourceVersionDate "2021.08.31"]
[SourceQuality "1"]

1. Nf3 d5 2. b3 Bg4 3. Bb2 Nd7 4. e3 Ngf6 5. h3 Bh5 6. d3 e6 ({RR} 6... a5 7. g4 Bg6 8. Nh4 a4 9. Nd2 a3 10. Bc1 e5 11. c3 Bd6 12. Nxg6 hxg6 13. Bg2 c6 14. b4 Qb6 15. Qb3 Qa6 16. c4 Qa4 17. g5 Nh7 18. cxd5 Bxb4 19. Qxa4 Rxa4 20. dxc6 bxc6 21. h4 {Nakamura,H (2760)-Bluebaum,M (2673) Chess.com INT 2022 1-0 (61)}) 7. Nbd2 ({RR} 7. g4 Bg6 8. Nh4 Bd6 9. Nd2 e5 10. Bg2 c6 11. Qe2 Qe7 12. Rf1 Ng8 13. Nxg6 hxg6 14. O-O-O O-O-O 15. c4 Nb6 16. Kb1 f6 17. cxd5 cxd5 18. a4 Bb4 19. f4 Kb8 20. fxe5 fxe5 21. Nf3 Nd7 {Bardyk,A (2257)-Gong Qianyun (2272) chess.com INT 2025 1-0 (33)}) 7... a5 8. a3 h6 $146 ({RR} 8... c6 9. Qe2 Qc7 10. g4 Bg6 11. Nh4 a4 12. b4 c5 13. bxc5 Qxc5 14. Rc1 Rc8 15. c4 Qb6 16. Rb1 Qa5 17. Nxg6 hxg6 18. Bg2 dxc4 19. dxc4 Nc5 20. O-O Qc7 21. Rfd1 Be7 22. g5 Nh7 23. Bxg7 {Agrest,E (2568)-Coenen,N (2270) Germany 2022 1-0}) 9. e4 dxe4 10. dxe4 Nc5 11. Qe2 Be7 12. g4 Bg6 13. Ne5 Bxe4 14. Nxe4 Nfxe4 15. Bg2 Nd6 16. O-O-O O-O 17. f4 Qe8 18. Qe3 Nd7 19. h4 a4 20. Nxd7 Qxd7 21. g5 axb3 22. Qc3 f6 23. Qxb3 Kh8 24. gxh6 gxh6 25. Rhe1 Qa4 26. Rxe6 Bd8 27. Kb1 Ra6 28. Bf1 Ra5 29. Bd3 Qxb3 30. cxb3 Rh5 31. Rh1 Rg8 32. Rxf6 Bxf6 33. Bxf6+ Rg7 34. Kc2 Kg8 35. Bxg7 Kxg7 36. Be2 Rc5+ 37. Kd3 Rd5+ 38. Ke3 Nf5+ 39. Ke4 Ra5 40. Rg1+ Kf6 41. a4 Nxh4 42. Rg8 Rc5 43. Rh8 Kg7 44. Rb8 Nf5 45. Rd8 Nd6+ 46. Kd4 Rc1 47. a5 Kf6 48. Bd3 Nf5+ 49. Bxf5 Kxf5 50. Rf8+ Kg4 51. f5 Kf4 52. b4 h5 53. Kd5 Re1 54. f6 Re5+ 55. Kd4 Re4+ 56. Kd3 Re6 57. f7 Rd6+ 58. Ke2 Re6+ 59. Kd2 Rd6+ 60. Ke1 Re6+ 61. Kf2 Rf6 62. b5 Kf5 63. Ke3 Ke6 64. a6 Kd5 1-0

[Event "Titled Tuesday intern op 13th July"]
[Site "Chess.com INT"]
[Date "2021.07.13"]
[Round "6"]
[White "Nabaty, Tamir"]
[Black "Rustemov, Alexander"]
[Result "1-0"]
[WhiteElo "2638"]
[BlackElo "2525"]
[PlyCount "55"]
[EventDate "2021.07.13"]
[EventType "swiss (blitz)"]
[EventRounds "11"]
[EventCountry "USA"]
[SourceTitle "CBM 203 Extra"]
[Source "ChessBase"]
[SourceDate "2021.09.30"]
[SourceVersion "1"]
[SourceVersionDate "2021.09.30"]
[SourceQuality "1"]

1. Nf3 d5 2. b3 Nf6 3. Bb2 c6 4. e3 Bf5 5. Be2 h6 6. O-O e6 7. d4 Nbd7 8. c4 Bd6 9. Nc3 O-O 10. a3 $146 ({RR} 10. Rc1 Ne4 11. Nd2 Nxd2 12. Qxd2 Qh4 13. f4 Nf6 14. Bf3 Ng4 15. h3 Nf6 16. g4 Bh7 17. Qg2 Ne4 18. Nxe4 dxe4 19. Be2 Bb4 20. Rcd1 Rad8 21. f5 exf5 22. gxf5 Be7 23. Rf4 Qg5 24. Rg4 Qxe3+ {Obukhava,A (1637)-Syrkiewicz,M (1959) Warsaw POL 2023 0-1 (50)}) 10... a5 11. Bd3 Bxd3 12. Qxd3 Re8 13. e4 dxe4 14. Nxe4 Nxe4 15. Qxe4 Qc7 16. Rfe1 Rad8 17. g3 Nf8 18. Rad1 Be7 19. h4 Bf6 20. Qc2 Re7 21. Ne5 Bxe5 22. Rxe5 Ng6 23. Ree1 Red7 24. Qc3 e5 25. Qe3 exd4 26. Rxd4 Nf8 27. Rg4 Ne6 28. Qxh6 1-0

[Event "Titled Tuesday intern op 20th July"]
[Site "Chess.com INT"]
[Date "2021.07.20"]
[Round "5"]
[White "Nakamura, Hikaru"]
[Black "Pichot, Alan"]
[Result "1-0"]
[WhiteElo "2736"]
[BlackElo "2630"]
[PlyCount "77"]
[EventDate "2021.07.20"]
[EventType "swiss (blitz)"]
[EventRounds "11"]
[EventCountry "USA"]
[SourceTitle "CBM 203 Extra"]
[Source "ChessBase"]
[SourceDate "2021.09.30"]
[SourceVersion "1"]
[SourceVersionDate "2021.09.30"]
[SourceQuality "1"]

1. Nf3 Nf6 2. b3 d5 3. Bb2 Bf5 4. Nh4 Bg4 5. d3 e6 6. h3 Bh5 7. g4 Bg6 8. e3 a5 $146 ({RR} 8... Bb4+ 9. Nd2 Nc6 10. a3 Bd6 11. Qe2 Qe7 12. Bg2 Be5 13. c3 Bd6 14. f4 O-O-O {0-1 (14) Sychev,K (2555)-Rostovtsev,D (2188) Chess.com INT 2021}) 9. a3 a4 10. b4 c5 11. bxc5 Bxc5 12. Nd2 Nc6 13. Bg2 Qe7 14. O-O O-O 15. d4 Bd6 16. Nxg6 hxg6 17. c4 dxc4 18. Nxc4 Bc7 19. Qe2 Rfc8 20. Rfc1 Nd5 21. Rab1 Rab8 22. Ba1 b5 23. Nd2 Qxa3 24. Rxc6 Bh2+ 25. Kxh2 Rxc6 26. Rxb5 Qd6+ 27. f4 Rxb5 28. Qxb5 Rc2 29. Ne4 Qc6 30. Qa5 f6 31. Kg3 Ra2 32. Bf3 Qc1 33. g5 Qg1+ 34. Kh4 Qxe3 35. gxf6 Qxf4+ 36. Bg4 Nxf6 37. Qd8+ Kh7 38. Ng5+ Kh6 39. Qh8+ 1-0